00741nam a22001697a 4500003000400000008004100004020001800045082002200063100002600085245013800111260005500249300001600304650005700320942001200377999001700389952016500406OSt260616b |||||||| |||| 00| 0 eng d a9788119002504 a581.6340954bS61C aSingh, Anurudh Kumar  aClassified Inventory of Medicinal and Aromatic Plants Species of Indian Traditional Medicinal Systems/ Singhbby Anurudh Kumar Singh aNew Delhi : bNew India Publishing Agency, c2024. axii, 645 p. aBotanical sciences | Pure Sciences | Aromatic plants 2ddccBK c52114d52114 00102ddc4070aRAUbRAUcGENd2026-06-16eFaith Enterprises g8995.00l0o581.6340954 S61Cp88354r2026-06-16w2026-01-22yBKkInvoice No. FE/11/2025-26